Dentro de mim fora daqui (Registo nº 1274)

Detalhes MARC
000 -Etiqueta do registo
Cabeçalho 01091nam0a2200301 4500
005 - Identificador da versão
Campo de controlo 20240813121831.0
010 ## - Número internacional normalizado dos livros (ISBN)
Número (ISBN) 9789727690862
021 ## - Número do Depósito Legal
Código do país PT
Número 328157/11
100 ## - Dados gerais de processamento
Dados gerais de processamento 20160307d2011 m y0pory5003 ba
102 ## - Pais de publicação ou produção
País de publicação Portugal
101 1# - Língua de publicação
Língua do texto, banda sonora, etc. Português
Língua do documento no original Inglês
215 ## - Descrição física 
Indicação específica da natureza do documento e extensão da espécie 130 p
200 1# - Titulo e menção de responsabilidade
Título próprio Dentro de mim fora daqui
Primeira menção de responsabilidade Filipe Homem Fonseca
Título próprio de outro autor Desligar e voltar a ligar
Primeira menção de responsabilidade Margarida Vale de Gato e Rui Costa
Título próprio de outro autor Filhos de assassinos
Primeira menção de responsabilidade Katori Hall
225 2# - Colecção 
Título próprio da colecção Panos
Informação de outro título da colecção  palcos novos palavras novas
210 ## - Publicação, Distribuição, etc. 
Lugar da edição, distribuição, etc. Lisboa
Nome do editor, distribuidor, etc. Fundação Caixa Geral de Depósitos-Culturgest
Data da publicação, distribuição, etc. 2011
606 ## - Nome comum usado como assunto
Número de registo de entrada de autoridade 0002049
Palavra de ordem Literatura portuguesa
Subdivisão de assunto Teatro
Código do sistema CA
Número de registo de entrada de autoridade 0002713
Palavra de ordem Literatura americana
Subdivisão de assunto Teatro
Código do sistema CA
675 ## - Classificação Decimal Universal (CDU)
Notação 821.134.3-2
Edição 3ª ed.
Língua da edição por
Notação 821.111(73)-2
Edição 3ª ed.
Língua da edição por
701 #1 - Nome de autor-pessoa física (co-responsabilidade principal)
Palavra de ordem Fonseca
Outra parte do nome não tomada para palavra de ordem Filipe Homem
Elementos de identificação ou distinção e outro
Código de função Autor / Co-autor
Palavra de ordem Gato
Outra parte do nome não tomada para palavra de ordem Margarida Vale de
Elementos de identificação ou distinção e outro
Código de função Autor / Co-autor
Palavra de ordem Costa
Outra parte do nome não tomada para palavra de ordem Rui
Elementos de identificação ou distinção e outro
Código de função Autor / Co-autor
Palavra de ordem Hall
Outra parte do nome não tomada para palavra de ordem Katori
Elementos de identificação ou distinção e outro
Código de função Autor / Co-autor
942 ## - Elementos de entrada adicionados (Koha)
Tipo de item no Koha Livro
Exemplares
Situação do levantamento Origin of item (home branch) (coded) Biblioteca de empréstimo Código de barras Cota Circulation type (not for loan) Tipo de documento Nota do exemplar Damaged status
  Biblioteca Escolar Eng. Nuno Mergulhão Biblioteca Escolar Eng. Nuno Mergulhão BENM2692 82LP-2 DEN   Livro Sem mensagem